000 00399nam a22001697a 4500
003 macl
005 20151028160203.0
008 151028b xxu||||| |||| 00| 0 eng d
040 _cmacl
041 _aEnglish
082 _a320/MIS
100 _aNew Delhi
_917234
245 _aBecoming A Borderland
260 _aNew Delhi
_bRoutledge
_c2011
650 _aPolitical Science
_988
942 _2ddc
_cBK
999 _c50437
_d50437